ARRUPE JESUIT UNIVERSITY

CORONAVIRUS -STOP THE SPREAD - CLEAN,DISINFECT,COVER

Pre-Historic Rhodesia (Record no. 124039)

MARC details
000 -LEADER
fixed length control field 00641nam a22001577a 4500
008 - FIXED-LENGTH DATA ELEMENTS--GENERAL INFORMATION
fixed length control field 160126b xxu||||| |||| 00| 0 eng d
050 ## - LIBRARY OF CONGRESS CALL NUMBER
Classification number SPC DT952.H25
100 ## - MAIN ENTRY--PERSONAL NAME
Personal name Hall, Richard N.
9 (RLIN) 21803
245 ## - TITLE STATEMENT
Title Pre-Historic Rhodesia
Remainder of title An examination of the historical, ethnological and archaeological evidences as to the origin and age of the rock mines and stone buildings
Statement of responsibility, etc Richard N. Hall
260 ## - PUBLICATION, DISTRIBUTION, ETC. (IMPRINT)
Place of publication, distribution, etc London
Name of publisher, distributor, etc T. Fisher Unwin
Date of publication, distribution, etc 1909
300 ## - PHYSICAL DESCRIPTION
Extent xxviii, 487p. ;
Dimensions 24cm.
600 ## - SUBJECT ADDED ENTRY--PERSONAL NAME
Personal name Randall-Maclver, David
General subdivision Medieval Rhodesia
9 (RLIN) 21804
650 ## - SUBJECT ADDED ENTRY--TOPICAL TERM
Topical term or geographic name as entry element Antiquities
Geographic subdivision Rhodesia
9 (RLIN) 21805
650 ## - SUBJECT ADDED ENTRY--TOPICAL TERM
Topical term or geographic name as entry element Gazetteers
Geographic subdivision Rhodesia
9 (RLIN) 21806
942 ## - ADDED ENTRY ELEMENTS (KOHA)
Source of classification or shelving scheme Library of Congress Classification
Item type SPC
Holdings
Withdrawn status Lost status Source of classification or shelving scheme Damaged status Not for loan Collection code Home library Current library Shelving location Date acquired Total Checkouts Full call number Barcode Date last seen Price effective from Koha item type
    Library of Congress Classification     SPECIAL Collection ARRUPE LIBRARY ARRUPE LIBRARY Main Collection 26/01/2016   SPC DT952.H25 46500006122 26/01/2016 26/01/2016 SPC

 

Arrupe Library. PO Box MP320 Mt Pleasant, Harare, Zimbabwe
263 242 745411|librarian@aju.ac.zw